| 000 | 01386nam a2200217Ia 4500 | ||
|---|---|---|---|
| 999 |
_c2616 _d2616 |
||
| 008 | 200103s 2001 ||||xx |||||||||||||| ||und|| | ||
| 020 | _a9780521800846 | ||
| 082 |
_a523.80223 _bTIR |
||
| 100 | _aTirion, Wil | ||
| 245 | 4 | _aCambridge star atlas | |
| 250 | _a3rd | ||
| 260 |
_bCambridge University Press _c2001 _aCambridge |
||
| 300 | _avi, 90 p.: col. ill. | ||
| 504 | _aContents Cover The Cambridge Star Atlas Title Copyright CONTENTS PREFACE THE MOON Observing the Moon Different orientations of the Moon SEASONAL SKY MAPS Choosing the right map THE MESSIER OBJECTS STAR CHARTS Stars Magnitudes Stars names Constellations Variable stars Double stars Open and globular clusters Diffuse and planetary nebulae Galaxies The Galactic Equator The ecliptic The Moon and the planets Abbreviations used in the star chart tables ALL-SKY MAPS The constellations Distribution of open clusters Distribution of globular clusters Distribution of diffuse nebulae Distribution of planetary nebulaDistribution of galaxies EXOPLANET SOURCES AND REFERENCES Catalogues Atlases | ||
| 520 | _aIdeal for astronomers worldwide, the fourth edition of this classic atlas features new Moon maps, new data and enhanced charts. | ||
| 650 | _aStars | ||
| 650 | _aNorthern Hemisphere | ||
| 650 | _aSouthern Hemisphere | ||
| 650 | _aAstronomy | ||
| 942 | _cBK | ||